Online
Catalog

21 poemas. / (Record no. 34868)

MARC details
000 -CABECERA
campo de control de longitud fija 00532nam a2200193 a 4500
001 - NÚMERO DE CONTROL
campo de control 000035377
005 - FECHA Y HORA DE LA ÚLTIMA TRANSACCIÓN
campo de control 20200930074310.0
008 - DATOS DE LONGITUD FIJA--INFORMACIÓN GENERAL
campo de control de longitud fija 111031s1995 ve 000 0 spa d
020 ## - NÚMERO INTERNACIONAL ESTÁNDAR DEL LIBRO
Número Internacional Estándar del Libro 9806014316
040 ## - FUENTE DE LA CATALOGACIÓN
Centro catalogador/agencia de origen DO-SdBNP
Lengua de catalogación spa
Centro/agencia transcriptor BNPHU
082 ## - NÚMERO DE LA CLASIFICACIÓN DECIMAL DEWEY
Número de clasificación xxxx
Número de documento/Ítem R696
100 1# - ENTRADA PRINCIPAL--NOMBRE DE PERSONA
Nombre de persona Rodríguez, Carlos César
9 (RLIN) 5173
245 10 - MENCIÓN DE TÍTULO
Título 21 poemas. /
Mención de responsabilidad, etc. Carlos César Rodríguez.
246 10 - FORMA VARIANTE DE TÍTULO
Título propio/Titulo breve Veinte y uno
260 ## - PUBLICACIÓN, DISTRIBUCIÓN, ETC.
Lugar de publicación, distribución, etc. Caracas :
Nombre del editor, distribuidor, etc. Ediciones con textos,
Fecha de publicación, distribución, etc. 1995.
300 ## - DESCRIPCIÓN FÍSICA
Extensión 33 p. ;
Dimensiones 21 cm.
490 1# - MENCIÓN DE SERIE
Mención de serie Plural
Designación de volumen o secuencia 26
830 #0 - PUNTO DE ACCESO ADICIONAL DE SERIE-TÍTULO UNIFORME
Título uniforme Plural
Designación de volumen o secuencia 26
9 (RLIN) 61190
Holdings
Estado de retiro Estado de pérdida Restricciones de uso No para préstamo Código de colección Localización permanente Ubicación/localización actual Ubicación en estantería Fecha de adquisición Número de inventario Total de préstamos Signatura topográfica completa Código de barras Fecha visto por última vez Precio válido a partir de Tipo de ítem Koha Nota pública Número de copia
      Excluido de préstamo Monografías: Libros y Folletos General General Depósito 31.10.2011 LF1   xxxx R696 35377-10 25.06.2020 25.06.2020 No se presta Perteneció a la biblioteca personal de Juan Isidro Jimenes -Grullónn  
      Excluido de préstamo Monografías: Libros y Folletos General General En catalogación 03.11.2011 LF1   xxxx R696 35377-20 25.06.2020 25.06.2020 No se presta Perteneció a la biblioteca personal de Juan Isidro Jimenes -Grullón e. 2
        Monografías: Libros y Folletos General General En catalogación 03.11.2011 LF1   xxxx R696 35377-30 25.06.2020 25.06.2020 Préstamo en sala Perteneció a la biblioteca personal de Juan Isidro Jimenes -Grullón e. 3
        Monografías: Libros y Folletos General General En catalogación 03.11.2011 LF1   xxxx R696 35377-40 25.06.2020 25.06.2020 Préstamo en sala Perteneció a la biblioteca personal de Juan Isidro Jimenes -Grullón e. 4

Powered by Koha